000 00499nam a2200181Ia 4500
008 231221s9999 xx 000 0 und d
020 _a9780000000000
041 _aEnglish
082 _a658.315 RAJ;
100 _aRajwade, A V
245 0 _aHandbook of debt securities and inrerest rate derivatives
260 _c2007
_bTata McGraw-Hill
_aNew Delhi
300 _axv+348
300 _c47306
500 _aMISSING, 2013
650 _adebt,securities,inrerest,rate,derivatives
942 _cCD
999 _c203753
_d203753